MDQL
is popping MORE tags! Check the
thread
!
Quizzes
Events
Quiz Creation
Community
Videos
Private Events
Remove Ads
Sign In
Join for FREE
Feedback
Dark Mode
Quiz Categories
Sports
Geography
Music
Movies
Television
Just For Fun
Miscellaneous
History
Literature
Language
Science
Gaming
Entertainment
Religion
Holiday
For Kids
Quiz Lab
Recent
Popular Today
Quiz Kudos Today
Editor Picks
Curator Picks
Quizzes by...
Day
Popularity
Type
Ratings
Length
Year
Community
Subscriptions
Recent Discussions
Orange Saloon
Badges
Playlists
Quests
Create
Leaderboards
Showdown
Live 5
Trivia Bingo
Activity
Puzzle Library
Sporcle Events
Private Events
Virtual Trivia
Globe League
Become a Host
Pub Owners
SporcleCon
Opinionation
Our Games
Videos
Blog
Mobile Apps
Partnerships
Remove Ads and Go Orange
Feedback
Music
Pop Music
The Beatles
Song
Album
Lyrics
Bands
Singers
Artist
Clip
Rock
Rap
Classical
Billboard
Country Music
Kpop
Taylor Swift
Music
Pop Music
The Beatles
Song
Album
Lyrics
Bands
Singers
Artist
Clip
Rock
Rap
Classical
Billboard
Country Music
Kpop
Taylor Swift
Random Quiz
Search Sporcle
×
Quiz Lab
Quiz Lab
Music
Lady
Type in answers that appear in a list
Type in answers that appear in a list
Classic
Best Score? Go Orange.
Lady Gaga tours setlists Stats
Can you name the Lady Gaga tours setlists?
By
bigbadstiles
10m
206 Questions
459 Plays
459 Plays
459 Plays
Comments
Comments
Give Quiz Kudos
Give Quiz Kudos
-
- Ratings
hide this ad
Replay
Link that replays current quiz
Next Quiz
Link to next quiz in quiz playlist
You Got
0%
They Got
Avg Score
49%
Avg Friend Score
Upgrade to see
Score Distribution
Jump to the score distribution portion of the page
Score
0/206
Timer
10:00
0
Plays Today
Hint
Answer
% Correct
The Fame Ball Tour
Poker Face (piano version) [performed from March 12-June 19]
98.7%
The Fame Ball Tour
Poker Face
98.7%
The Monster Ball Tour
Poker Face
98.7%
Born This Way Ball
Poker Face
98.7%
artRAVE: The ARTPOP Ball
Poker Face
98.7%
Jazz & Piano
Poker Face
98.7%
Joanne World Tour
Poker Face
98.7%
The Chromatica Ball
Just Dance
98.4%
The Chromatica Ball
Poker Face
98.4%
Enigma
Just Dance
98.3%
Enigma
Poker Face
98.3%
The Monster Ball Tour
Poker Face (Piano Version) [performed from November 28-December 31]
98%
Joanne World Tour
Born this Way
97.6%
The Fame Ball Tour
Just Dance
97.4%
The Monster Ball Tour
Just Dance
97.4%
Born This Way Ball
Just Dance
97.4%
artRAVE: The ARTPOP Ball
Just Dance
97.4%
Enigma
Born This Way
97.4%
Joanne World Tour
Just Dance
97.3%
The Monster Ball Tour
Born This Way (added to the setlist on February 19)
96.7%
Born This Way Ball
Born This Way
96.7%
artRAVE: The ARTPOP Ball
Born This Way
96.7%
Jazz & Piano
Born This Way
96.7%
Joanne World Tour
Paparazzi
96.5%
The Fame Ball Tour
Paparazzi
96.3%
The Monster Ball Tour
Paparazzi
96.3%
Born This Way Ball
Paparazzi
96.3%
artRAVE: The ARTPOP Ball
Paparazzi
96.3%
Enigma
Paparazzi
96.1%
The Chromatica Ball
Born This Way
95.9%
Jazz & Piano
Paparazzi
95.4%
Enigma
Bad Romance
95.2%
The Monster Ball Tour
Bad Romance
95%
Born This Way Ball
Bad Romance
95%
artRAVE: The ARTPOP Ball
Bad Romance
95%
Joanne World Tour
Bad Romance
94.9%
Jazz & Piano
Bad Romance
94.8%
The Monster Ball Tour
Telephone (added to the setlist on January 2)
93.7%
Born This Way Ball
Telephone
93.7%
artRAVE: The ARTPOP Ball
Telephone
93.7%
Joanne World Tour
Telephone
93.5%
Enigma
LoveGame
93.4%
The Chromatica Ball
Bad Romance
93.4%
Joanne World Tour
LoveGame
93.3%
The Fame Ball Tour
LoveGame
92.8%
The Monster Ball Tour
LoveGame
92.8%
Born This Way Ball
LoveGame
92.8%
The Chromatica Ball
Monster
92.6%
The Chromatica Ball
LoveGame
92.6%
Enigma
The Fame
92.6%
Joanne World Tour
Alejandro
92.2%
The Fame Ball Tour
The Fame
91.9%
The Monster Ball Tour
The Fame
91.9%
The Monster Ball Tour
Alejandro
91.9%
Born This Way Ball
Alejandro
91.9%
artRAVE: The ARTPOP Ball
Alejandro
91.9%
Joanne World Tour
The Edge of Glory
91.9%
Enigma
Telephone
91.7%
Joanne World Tour
Applause
91.7%
Born This Way Ball
The Edge of Glory
91.5%
artRAVE: The ARTPOP Ball
The Edge of Glory
91.5%
The Chromatica Ball
Telephone
91%
Enigma
Applause
90.8%
Enigma
Alejandro
90.8%
The Monster Ball Tour
Yoü and I (added to the setlist on January 2)
90.2%
Born This Way Ball
Yoü and I
90.2%
artRAVE: The ARTPOP Ball
Yoü and I
90.2%
artRAVE: The ARTPOP Ball
Applause
89.8%
The Monster Ball Tour
Monster
89.5%
Hint
Answer
% Correct
Enigma
The Edge of Glory
89.5%
Born This Way Ball
Judas
88.9%
artRAVE: The ARTPOP Ball
Judas
88.9%
artRAVE: The ARTPOP Ball
ARTPOP
88.7%
The Monster Ball Tour
Judas (added to the setlist on May 3)
88.2%
Enigma
Judas
87.8%
Enigma
Yoü and I
87.8%
Joanne World Tour
Million Reasons
87.6%
The Fame Ball Tour
Beautiful, Dirty, Rich
86.9%
The Monster Ball Tour
Beautiful, Dirty, Rich
86.9%
The Chromatica Ball
The Edge of Glory
86.9%
Joanne World Tour
Joanne
86%
Enigma
Million Reasons
84.3%
Born This Way Ball
Marry the Night
83.4%
Enigma
Beautiful, Dirty, Rich
83.4%
Enigma
Shallow
83.4%
The Monster Ball Tour
Teeth
81.7%
The Fame Ball Tour
Eh, Eh (Nothing Else I Can Say)
81%
artRAVE: The ARTPOP Ball
G.U.Y.
80.8%
The Monster Ball Tour
Eh, Eh (Nothing Else I Can Say) [performed from November 28-December 31]
80.4%
The Chromatica Ball
Shallow
80.3%
The Fame Ball Tour
Boys Boys Boys
80%
The Monster Ball Tour
Boys Boys Boys
80%
The Monster Ball Tour
Dance in the Dark
79.7%
artRAVE: The ARTPOP Ball
Venus
78%
Joanne World Tour
John Wayne
78%
The Chromatica Ball
Chromatica II + 911
77.9%
The Monster Ball Tour
Speechless
77.8%
artRAVE: The ARTPOP Ball
Do What U Want
77.8%
Joanne World Tour
Bloody Mary
77.7%
Joanne World Tour
Perfect Illusion
77.4%
The Chromatica Ball
Rain On Me
77%
Joanne World Tour
Scheiße
76.9%
Born This Way Ball
Hair
76.7%
Born This Way Ball
Bloody Mary
76.5%
Cheek to Cheek Tour (with Tony Bennett)
Cheek to Cheek
76.5%
Joanne World Tour
A-Yo
76.1%
The Fame Ball Tour
Money Honey
75.8%
The Monster Ball Tour
Money Honey
75.8%
The Fame Ball Tour
Brown Eyes (added to the setlist on June 26)
75.6%
The Monster Ball Tour
Brown Eyes (performed from January 2-July 10)
75.6%
Enigma
Dance in the Dark
74.7%
The Chromatica Ball
Chromatica III + Babylon
74.6%
Joanne World Tour
Diamond Heart
74.2%
Born This Way Ball
Scheiße
74.1%
The Chromatica Ball
Chromatica I + Alice
73.8%
Born This Way Ball
Government Hooker
73.6%
artRAVE: The ARTPOP Ball
Fashion! (performed from May 4-June 3)
73.6%
Enigma
Scheiße
72.9%
artRAVE: The ARTPOP Ball
Aura
72.8%
Jazz & Piano
Stupid Love (added to the setlist on August 31)
72.7%
The Chromatica Ball
Enigma
72.1%
The Chromatica Ball
Stupid Love
72.1%
The Monster Ball Tour
So Happy I Could Die
71.9%
Born This Way Ball
Americano
71.7%
Born This Way Ball
Highway Unicorn (Road To Love)
71.5%
artRAVE: The ARTPOP Ball
Gypsy
71.5%
artRAVE: The ARTPOP Ball
Donatella
71.2%
The Chromatica Ball
Always Remember Us This Way
70.5%
artRAVE: The ARTPOP Ball
Swine
70.4%
Enigma
Government Hooker
69.4%
The Chromatica Ball
Angel Down (replacing '1000 Doves')
69.4%
artRAVE: The ARTPOP Ball
Dope
69.3%
artRAVE: The ARTPOP Ball
Sexxx Dreams
69.1%
Enigma
Aura
69%
Joanne World Tour
Angel Down
68.8%
artRAVE: The ARTPOP Ball
MANiCURE
67.3%
Born This Way Ball
Electric Chapel
66.7%
Born This Way Ball
Heavy Metal Lover
66.7%
Hint
Answer
% Correct
Joanne World Tour
The Cure
66.7%
The Chromatica Ball
Sour Candy
66.4%
artRAVE: The ARTPOP Ball
Mary Jane Holland
66%
Born This Way Ball
Bad Kids
65.1%
Cheek to Cheek Tour (with Tony Bennett)
Anything Goes
64.7%
Joanne World Tour
Dancin' in Circles
64%
Born This Way Ball
Fashion of His Love
63.2%
Born This Way Ball
The Queen
63%
The Monster Ball Tour
Americano (added to the setlist on May 3)
62.7%
The Monster Ball Tour
Fashion (performed from November 27-December 11)
60.8%
The Chromatica Ball
1000 Doves (added to the setlist on July 21; later replaced by 'Angel Down'))
60.7%
Jazz & Piano
Cheek to Cheek (performed from January 20-December 31)
60.1%
Joanne World Tour
Come to Mama
59.1%
The Chromatica Ball
Free Woman
57.4%
The Monster Ball Tour
Paper Gangsta (performed from November 28-December 31)
56.9%
The Monster Ball Tour
Glitter and Grease (added to the setlist on January 2)
55.6%
Jazz & Piano
Anything Goes (performed from January 20-December 31)
53.6%
The Chromatica Ball
Replay
52.5%
Cheek to Cheek Tour (with Tony Bennett)
Bang Bang (My Baby Shot Me Down)
51%
The Monster Ball Tour
Vanity (performed from January 2-September 7)
49.2%
Born This Way Ball
Black Jesus + Amen Fashion
49%
Born This Way Ball
Princess Die (performed on selected dates)
46.2%
The Chromatica Ball
Hold My Hand
44.3%
The Chromatica Ball
Fun Tonight (added to the setlist on July 21)
43.4%
Jazz & Piano
Bang Bang (My Baby Shot Me Down) [performed from January 20-May 1]
43.1%
artRAVE: The ARTPOP Ball
Bang Bang (My Baby Shot Me Down) (Cher cover)
42.5%
artRAVE: The ARTPOP Ball
Partynauseous (Interlude)
41.4%
artRAVE: The ARTPOP Ball
Cake Like Lady Gaga (performed from May 4-June 3)
36.4%
Jazz & Piano
The Lady Is a Tramp (performed from January 20-December 31)
34%
Cheek to Cheek Tour (with Tony Bennett)
The Lady Is a Tramp
33.3%
Enigma
I'm Afraid of Americans (David Bowie cover)
28.4%
Cheek to Cheek Tour (with Tony Bennett)
Firefly
27.5%
The Fame Ball Tour
Future Love (performed from March 12-June 19)
25.5%
Jazz & Piano
La Vie en rose
24.2%
Jazz & Piano
Lush Life (performed from January 20-December 31; re-added to the setlist on August 31)
23.5%
Cheek to Cheek Tour (with Tony Bennett)
I Can't Give You Anything but Love
23.5%
Cheek to Cheek Tour (with Tony Bennett)
Lush Life
23.5%
Cheek to Cheek Tour (with Tony Bennett)
But Beautiful
23.5%
Jazz & Piano
Orange Colored Sky (performed from January 20-May 1)
22.2%
Cheek to Cheek Tour (with Tony Bennett)
They All Laughed
21.6%
Jazz & Piano
Luck Be a Lady
19.6%
Jazz & Piano
New York, New York
19.6%
Cheek to Cheek Tour (with Tony Bennett)
Nature Boy
19.6%
Cheek to Cheek Tour (with Tony Bennett)
I Won't Dance
17.6%
Cheek to Cheek Tour (with Tony Bennett)
Let's Face the Music and Dance
17.6%
Cheek to Cheek Tour (with Tony Bennett)
Ev'ry Time We Say Goodbye
17.6%
Cheek to Cheek Tour (with Tony Bennett)
It Don't Mean a Thing (If It Ain't Got That Swing)
17.6%
Jazz & Piano
It Don't Mean a Thing (If It Ain't Got That Swing) [added to the setlist on August 31]
15.9%
Jazz & Piano
I Can't Give You Anything but Love
14.4%
Jazz & Piano
Fly Me to the Moon
13.1%
Jazz & Piano
'O Sole Mio (added to the setlist on August 31)
11.4%
Cheek to Cheek Tour (with Tony Bennett)
Bewitched, Bothered and Bewildered
9.8%
Cheek to Cheek Tour (with Tony Bennett)
La Vie en rose
9.8%
Jazz & Piano
Love for Sale (performed from October 14-May 1)
7.8%
Jazz & Piano
Mambo Italiano (added to the setlist on October 14)
7.8%
Jazz & Piano
Call Me Irresponsible
6.5%
Jazz & Piano
Coquette (performed from January 20-May 1)
6.5%
Jazz & Piano
Just a Gigolo (performed from January 20-December 31)
6.5%
Jazz & Piano
Someone to Watch Over Me (performed from January 20-December 31)
5.9%
Jazz & Piano
What a Diff'rence a Day Made
5.9%
Jazz & Piano
Steppin' Out With My Baby (added to the setlist on August 31)
4.5%
Jazz & Piano
Sway (added to the setlist on August 31)
4.5%
Jazz & Piano
Let's Do It (performed from October 14-May 1)
3.9%
Jazz & Piano
Do I Love You (added to the setlist on October 14)
3.9%
Jazz & Piano
Rags to Riches (added to the setlist on October 14)
0%
Jazz & Piano
You're the Top (added to the setlist on October 14)
0%
Jazz & Piano
The Best Is Yet to Come (added to the setlist on August 31)
0%
Jazz & Piano
If I Had You (added to the setlist on August 31)
0%
Quiz Playlist
Details
Report
Send in Message
Add To Playlist
Classic:
Type in answers that appear in a list
Last Updated: Aug 31, 2017
Quiz Scoreboard
CHALLENGE
Sign Up to Join the Scoreboard
Show All
Scores
Hide
Comments
May contain spoilers
Recently Published
Image Sorting: Flags VI
by Barbecue
Geography
2m
Find the 'City' Movie
by crazypaving
Movies
60s
Colored Red Africa Blitz
by spor1
Geography
45s
More to Explore
Quiz From the Vault
Featured Blog Post
14 Easter Pick-up Lines to Find Eggs With
hide this ad
You Might Also Like...
Tags
enlist
Lady
Lady Gaga
tour
Today's Top Quizzes in Music
Browse Music
hide this ad
Today's Top Quizzes in Lady
Browse Lady
Top Contributed Quizzes in Music
1
5X2 Blitz: Bands II
2
5X2 Blitz: The Beatles
3
Taylor Swift All Songs (2024)
4
5X2 Blitz: Billboard
5
5X2 Blitz: Billboard II
6
5X2 Blitz: Album
7
Taylor Swift Logic Puzzle II
8
5X2 Blitz: Singers
9
5X2 Blitz: Rock
10
5X2 Blitz: Lyrics
Explore More
Trending Topics
Kpop
Disney
Crossword
Anime
NBA
Harry Potter
Marvel
Soccer
Puzzle
Country
NFL
Pokémon
Song
The Office
WWE
hide this ad
More By:
bigbadstiles
Quiz
Plays
Rating
Category
Featured
Created
Ariana Grande tour setlists
1,693
4.00
Music
Feb 8, 2017
Taylor Swift tours setlists
834
5.00
Music
Nov 26, 2021
Fifth Harmony tour setlists
781
5.00
Music
Jan 26, 2017
Mariah Carey tours setlist
750
5.00
Music
Apr 14, 2017
Little Mix tours setlists
546
5.00
Music
Sep 11, 2017
Go to Creator's Profile
Score Distribution
Quiz Creator Spotlight
bigbadstiles
Follow
Send a Message
Quizzes Created
-
Created Quiz Play Count
-
More By This Creator
Popular Quizzes Today
1
Colored Red Africa Blitz
2
Find the US States - No Outlines Minefield
3
Find the 'City' Movie
4
5x2 Blitz: Bands
5
The Countries of the World
6
Find the US States
7
Find the Countries of Europe - No Outlines Minefield
8
US States
More Music Quizzes
Eminem Music Videos
Published
Trending Quizzes
Colored Red Europe Blitz I
Colored Red Europe Blitz II
Colored Red Africa Blitz II
Colored Red Europe Blitz III
Colored Red Africa Blitz III
Recently Updated
How Do You Spell That?
pecheneg
Godzilla Movies
pecheneg
Grab Bag: 4-10 Letters
pecheneg
2024 March Madness Bracket
pecheneg
Famous TV Couples
Peacemaker
Champions League XIs: Real Madrid
pecheneg
Largest US Cities 1790-2010
pecheneg
Rides in Walt Disney World
pecheneg
Most Oscar Losses (Acting)
pecheneg
Beyoncé Albums
pecheneg
Trending Topics
Disney
Anime
Crossword
Marvel
Kpop
NBA
Harry Potter
Soccer
Pokémon
The Office
NFL
Country
WWE
Song
Puzzle
Your Account Isn't Verified!
In order to create a playlist on Sporcle, you need to verify the email address you used during registration. Go to your
Sporcle Settings
to finish the process.
Report this User
Report this user for behavior that violates our
Community Guidelines
.
Details:
Send Report
Go to the Sporcle.com Mobile Site →
Comments